[Event "Gelsenkirchen-ch U16"]
[Site "Gelsenkirchen"]
[Date "2003.06.12"]
[Round "7"]
[White "Koop, Marc"]
[Black "Klink, Marvin"]
[Result "0-1"]
[WhiteElo "610"]
[BlackElo "1324"]
[PlyCount "22"]
[EventDate "2003.05.??"]
[EventType "swiss"]
[EventRounds "9"]
[EventCountry "GER"]
[SourceTitle "EXT 2005"]
[Source "ChessBase"]
[SourceDate "2004.11.15"]
[SourceVersion "1"]
[SourceVersionDate "2004.11.15"]
[SourceQuality "1"]

1. e4 e5 2. Nf3 Nc6 3. Bb5 Bc5 4. 0-0 d6 5. d3 h6 6. Nh4 Qxh4 7. Re1 Bxf2+ 8. Kf1 Bxe1 9. g3 Bxg3 10. Bc4 Qxh2 11. Be3 Bh3# 0-1